'Of' Movies - Statistics

General Stats
  • This quiz has been taken 7 times
  • The average score is 16 of 45
Answer Stats
Picture Answer % Correct
Life Of Pi
86%
School Of Rock
86%
The Wolf Of Wall Street
86%
Penguins Of Madagascar
71%
Anchorman: The Legend Of Ron Burgundy
57%
Avatar: The Way Of Water
57%
Avengers: Age Of Ultron
57%
Birds Of Prey And The Fantabulous Emancipation Of One Harley Quinn
57%
Harry Potter And The Prisoner Of Azkaban
57%
The Hobbit: The Desolation Of Smaug
57%
The Witches Of Eastwick
57%
X-Men: Days Of Future Past
57%
Batman V Superman: Dawn Of Justice
43%
Doctor Strange In The Multiverse Of Madness
43%
Gangs Of New York
43%
Minions: The Rise Of Gru
43%
Prince Of Persia: The Sands Of Time
43%
Quantum Of Solace
43%
Bridget Jones: The Edge Of Reason
29%
Ghost Rider: Spirit Of Vengeance
29%
G.I. Joe: The Rise Of Cobra
29%
Kingdom Of Heaven
29%
National Treasure: Book Of Secrets
29%
Percy Jackson: Sea Of Monsters
29%
Rock Of Ages
29%
Star Wars: The Rise Of Skywalker
29%
The Chronicles Of Narnia: Prince Caspian
29%
The Dukes Of Hazzard
29%
Den Of Thieves
14%
Edge Of Darkness
14%
Eurovision Song Contest: The Story Of Fire Saga
14%
Fistful Of Vengeance
14%
Fountain Of Youth
14%
House Of Wax
14%
In The Land Of Saints & Sinners
14%
King Of Thieves
14%
League Of Super-Pets
14%
Reign Of Fire
14%
The Curse Of Bridge Hollow
14%
The Ice Age Adventures Of Buck Wild
14%
The Ministry Of Ungentlemanly Warfare
14%
The Taking Of Pelham 123
14%
Transformers: Age Of Extinction
14%
Wrath Of Man
14%
xXx: Return Of Xander Cage
14%
No matching quizzes found
Score Distribution
Percent of People with Each Score
Percentile by Number Answered
Your Score History
You have not taken this quiz